| 000 | 00488nam a2200181Ia 4500 | ||
|---|---|---|---|
| 999 |
_c30240 _d30240 |
||
| 003 | OSt | ||
| 005 | 20201130110057.0 | ||
| 008 | 190216s9999||||xx |||||||||||||| ||und|| | ||
| 020 | _a9788126477371 | ||
| 040 | _coclc | ||
| 082 |
_a894.8123 _bHAR/M |
||
| 100 |
_aHareesh, S _97018 |
||
| 245 | 0 |
_aMeesha / _cS Hareesh |
|
| 260 |
_bD C Books, _c2018. _aKottayam: |
||
| 300 | _a328p | ||
| 650 | _aMalayalam Novel | ||
| 942 |
_cBK _2ddc _h894.8123 _iHAR/M _k894.8123 _mHAR/M |
||